| 000 | 01067nam a2200241Ia 4500 | ||
|---|---|---|---|
| 003 | OSt | ||
| 005 | 20220923214558.0 | ||
| 006 | a|||||r|||| 00| 0 | ||
| 007 | ta | ||
| 008 | 220922b |||||||| |||| 00| 0 hin d | ||
| 024 | _a171,019 | ||
| 037 | _cTextual | ||
| 040 |
_aARTS _cARTS _bhin |
||
| 041 |
_2hin _ahin |
||
| 082 | _aY:425-45.2.N, 152P0 | ||
| 100 |
_aसिंह, निर्मल कुमार; सिंह, संजय कुमार _9163387 |
||
| 245 | 0 |
_aअपराध और भ्रष्टाचार की राजनीति _b सीबी आई के पूर्व अधिकारीके विचार |
|
| 246 | _aAparādh aur bhraṣhṭāchār kī rājanīti: sībī āī ke pūrva adhikārīke vichāra | ||
| 260 |
_aनयी दिल्ली _b वाणी प्रकाशन _c2000 |
||
| 300 |
_a197पृ. _ccm. |
||
| 942 |
_hY:425-45.2.N, 152P0 _cTEXL _2CC |
||
| 999 |
_c325259 _d325259 |
||